00414pab a2200133 454500008004000000100002000040245011100060260000900171300001400180650001800194700001800212700002200230773002800252180718b2007 xxu||||| |||| 00| 0 eng d aHinkin, Timothy aCollaborative research: developing mutually beneficial relationships between researchers and organizations c2007 ap.105-18. aOrganizations aKlag, Malvina aHoltom, Brooks C. aOrganizational Dynamics